000
00319nam a2200145Ia 4500
008
221030s9999 xx 000 0 und d
041
_a
English
082
_a
105.23
100
_a
Anoop/171
245
0
_a
H R Recuirment
250
_a
2008
260
_a
MULTISOFT SYSTEM NOIDA
_c
2008
650
_a
MCA
942
_c
TH
999
_c
10056
_d
10056